Kids in America lyrics - Statistics

General Stats
  • This quiz has been taken 297 times
  • The average score is 122 of 234
Answer Stats
Lyrics % Correct
a
100%
I
100%
kids
100%
America
99%
America!
99%
in
99%
the
98%
we're
88%
go
78%
and
77%
to
76%
me
68%
be
66%
no
65%
why
64%
you
63%
on
62%
by
61%
out
59%
for
57%
look
57%
is
56%
can
54%
music
54%
old
53%
down
52%
here
51%
not
51%
Looking
50%
window
50%
wonder
50%
dirty
48%
round
48%
don't
46%
are
45%
city
45%
this
44%
everybody
43%
sit
43%
rushing
42%
alone
41%
cars
41%
it's
40%
oh
40%
town
39%
your
39%
but
38%
live
38%
new
38%
New
38%
now
38%
want
38%
night
36%
feel
35%
day
33%
get
33%
I'm
33%
beat
32%
know
32%
watch
31%
going
28%
California
27%
chance
27%
baby
26%
below
26%
coming
24%
East
24%
hot
24%
life
24%
never
24%
There's
24%
York
24%
come
23%
Friday
23%
heat
23%
another
22%
everyone's
22%
honey
22%
leaving
22%
moving
22%
stop
22%
any
21%
boy
21%
give
20%
shot
20%
ya
20%
outside
19%
search
19%
try
19%
warn
19%
got
18%
lights
18%
make
18%
young
18%
gets
17%
glance
17%
right
17%
that's
17%
dawning
16%
soothing
16%
better
15%
bright
15%
check
15%
kind
15%
wave
15%
downtown
14%
heading
14%
ones
14%
faster
13%
hold
13%
mind
13%
you'll
13%
closer
12%
cruel
12%
story
12%
feeling
11%
glory
11%
growing
11%
much
11%
saying
11%
tight
11%
everywhere
10%
hearts
10%
suburbia's
10%
brand
9%
experience
9%
grab
9%
later
9%
problems
9%
sprawling
9%
No matching quizzes found
Score Distribution
Percent of People with Each Score
Percentile by Number Answered
Your Score History
You have not taken this quiz